000 00649nam a22001937a 4500
999 _c179883
_d179883
005 20210713150325.0
010 _aENG-129546
020 _c995.00
_a978-0-19-948675-5
035 _aEN-113078
037 _bDBAD/PUB
082 _aS
100 _aTagore and Tagore
245 _aFantasy fictions from the bengal renaissance:The Make - Believe prince, Toddy- cat the Bold/
_cby Tagore &Tagore
260 _aNew Delhi
_bOxford university press
_c2018
270 _bNew Delhi
_a2/11 ground floor, ansari road , Daryaganj,
_e110002
300 _a339p;
_c21cm(pbk)
700 _aTranslated and Annotated by Sanjay Sircar
942 _2ddc
_cEN
_hS
_mTAG